Statistiques concernant Pays ou capitales ayant une seule lettre de différence

Cliquez ici pour prendre le quiz!

Statistiques générales

  • Ce quiz a été pris 283 fois
  • Le résultat moyen est 4 sur 8

Statistiques - réponses

Vous cherchez...Réponses% Correct
2 paysIrak
82%
2 paysIran
82%
2 paysIrlande
65%
2 paysIslande
65%
2 paysGambie
40%
2 paysZambie
40%
2 capitalesKingston
29%
2 capitalesKingstown
28%

Distribution des résultats

Percentile par nombre de réponses

% des personnes avec chaque résultat

Votre développement - résultats

Vous n’avez pas pris ce quiz